Les 10 moteurs de recherche les plus utilisés - Statistiques

Statistiques générales
  • Ce quiz a été pris 142 fois
  • Le résultat moyen est 3 sur 10
Statistiques - réponses
Hint Réponse % Correct
94,80% Google
100%
0,34% Yahoo
54%
3,51% Bing
42%
0,29% Ecosia
38%
0,63% DuckDuckGo
21%
0,03% Qwant
19%
0,01% AOL
2%
0,07% Baidu
2%
0,03% Yandex
2%
0,02% Naver
1%
Aucun quiz correspondant
Distribution des résultats
% des personnes avec chaque résultat
Percentile par nombre de réponses
Votre historique - résultats
Vous n’avez pas pris ce quiz